| 000 | 004760000a22001930004500 | ||
|---|---|---|---|
| 003 | LK-CoMWRAF | ||
| 005 | 20230929235521.0 | ||
| 008 | 230817t ||||| |||| 00| 0 eng d | ||
| 020 | _a8172313411 | ||
| 040 |
_aLK-CoMWRAF _dLK-CoMWRAF _eLK-CoMWRAF |
||
| 041 | _aeng | ||
| 082 |
_a297.577 _bEBR |
||
| 100 | _aEbrahim, Moulana Muhammad | ||
| 245 | _aThe Gift of nikah | ||
| 260 |
_aNew Delhi : _bAbdul Naeem, _c2004 |
||
| 300 | _a101p | ||
| 650 | _aIslam--Nikah | ||
| 942 | _cBK | ||
| 999 |
_c972 _d972 |
||